1134 1658 1279 1807 1918 1161 1910 1931 1616 1978 1725 1487 1366 1942 1069 1436 1489 1271 1452 1157 1731 1258 1284 1963 1733 1923 1727 1428 1083 1163 1559 1358 1693 1816 1706 1516 1291 1077 1962 1476 1979 1152 1808 1800 1950 1044 1563 1556 1030 1401 1345 1173 1691 1212 1290 1347 1087 1975 1079 1786 1737 1537 1233 1555 1466 1000 1874 1447 1425 1217 1347 1984 1063 1329 1733 1171 1946 1770 1802 1443 1282 1078 1617 1721 1185 1757 1502 1968 1699 1709 1412 1903 1588 1536 1998 1657 1422 1436 1261 BCNSPRNW ULIB Ver.6.0+V

เปลี่ยนเป็นภาษาไทย

Change to English
 แสดงรายละเอียดบรรณานุกรม
  กลับหน้าหลัก

Brief Record : Get Marc (ISO 2709) : E-mail record : QR code < ปิดหน้าต่าง
LEADER : 00000nam 2200000uu 4500
001    13399109616
003     ULIB
008    110404s2543||||th 000 0 tha d
020    9746572261
060 04 WY157^bก836ก 2543
100 0  เกสรา ศรีพิชญาการ
245    การพยาบาลหญิงที่มีการเจ็บครรภ์และคลอดก่อนกำหนด /^cเกสรา ศรีพิชญาการ
250    พิมพ์ครั้งที่ 1
260    เชียงใหม่ :^bคณะพยาบาลศาสตร์ มหาวิทยาลัยเชียงใหม่,^c2543
300    142 หน้า
650  7 เจ็บครรภ์
650  7 คลอดก่อนกำหนด
710  2 มหาวิทยาลัยเชียงใหม่. ^bคณะพยาบาลศาสตร์
945    ^p130^l0^i014173
945    ^p130^l0^i014176
945    ^p130^l0^i014175
945    ^p130^l0^i014174
945    ^p130^l0^i014172
945    ^p130^l0^i014171
995    เกษร
999 ^a ใช้งานได้ทุกระบบ
รายการนี้ยังไม่มีแท็ก
คุณยังไม่ได้ล็อกอิน คุณสามารถมีกิจกรรมร่วมกับเว็บไซต์ได้ แต่ต้องล็อกอินก่อน ::
  ล็อกอิน

รายการสื่อสารสนเทศ

ลำดับที่ ประเภท เลขเรียก/บาร์โค้ด สถานที่ สถานะ
1. วิทยาศาสตร์การแพทย์ และสุขภาพ
วิทยาศาสตร์การแพทย์ และสุขภาพ
WY157 ก836ก 2543 ฉ.4 
  Barcode: 014174
ห้องสมุดวิทยาเขตสวรรค์ประชารักษ์
►ส่วนจัดเก็บหนังสือเก่า สปร
บนชั้น
  ขอยืม
2. วิทยาศาสตร์การแพทย์ และสุขภาพ
วิทยาศาสตร์การแพทย์ และสุขภาพ
WY157 ก836ก 2543 ฉ.6 
  Barcode: 014176
ห้องสมุดวิทยาเขตสวรรค์ประชารักษ์
►ส่วนจัดเก็บหนังสือเก่า สปร
บนชั้น
  ขอยืม

รายการใกล้เคียง
    ผู้แต่ง [เกสรา ศรีพิชญาการ]

    หัวเรื่อง [เจ็บครรภ์]
    หัวเรื่อง [คลอดก่อนกำหนด]

BibComment


ยังไม่เคยถูกคอมเมนท์

คอมเมนท์ทรัพยากรรายการนี้
  คอมเมนท์: การพยาบาลหญิงที่ม..


 Copyright 2026. Bcnsprnw @Library